[Event "Prague Festival Masters 2019"]
[Site "Prague"]
[Date "2019.03.06"]
[Round "1.1"]
[White "Wojtaszek, Radoslaw"]
[Black "Vidit, Santosh Gujrathi"]
[Result "1/2-1/2"]
[WhiteElo "2722"]
[BlackElo "2711"]
[Annotator "TA"]
[PlyCount "53"]
[EventDate "2019.03.06"]
[EventType "tourn"]
[EventCountry "CZE"]
[SourceTitle "playchess.com"]
[Source "ChessBase"]
[SourceQuality "1"]

{[%evp 11,53,5,14,12,13,16,17,17,20,20,18,11,7,18,8,13,18,16,9,12,12,14,11,9,9,11,6,4,13,8,16,12,18,5,28,34,36,0,0,0,27,0,2,0]} 1. d4 Nf6 2. c4 e6 3. Nf3 d5 4. Nc3 Bb4 5. Qa4+ Nc6 6. e3 O-O 7. Qc2 {D38: Queen's Gambit Declined: Ragozin Defence (4 Nf3 Bb4)} Re8 8. Bd2 a6 9. a3 Bd6 10. Rd1 Bd7 11. Bc1 $146 ({Predecessor:} 11. Bd3 dxc4 12. Bxc4 b5 13. Bd3 e5 14. Ne4 exd4 {½-½ (14) Krasenkow,M (2628)-Ponomariov,R (2734) Sestao 2010}) 11... dxc4 12. Bxc4 h6 13. O-O e5 14. dxe5 Nxe5 15. Nxe5 Bxe5 16. Nd5 Bd6 17. b4 Be6 {[#] Threatens to win with ...Bxd5.} 18. g3 Nxd5 19. Bxd5 Bxd5 20. Rxd5 Qe7 21. Rfd1 Qe4 22. Qe2 Re6 23. Bb2 Rae8 24. R1d4 Qb1+ 25. Rd1 Qe4 26. R1d4 Qb1+ 27. Rd1 {Accuracy: White = 84%, Black = 87%.} 1/2-1/2

[Event "Prague Festival Masters 2019"]
[Site "Prague"]
[Date "2019.03.06"]
[Round "1.2"]
[White "Rapport, Richard"]
[Black "Duda, Jan-Krzysztof"]
[Result "0-1"]
[WhiteElo "2738"]
[BlackElo "2731"]
[Annotator "TA"]
[PlyCount "188"]
[EventDate "2019.03.06"]
[EventType "tourn"]
[EventCountry "CZE"]
[SourceTitle "playchess.com"]
[Source "ChessBase"]
[SourceQuality "1"]

{[%evp 17,188,50,35,12,37,33,34,42,40,41,41,44,40,45,46,37,43,43,93,85,87,80,97,127,133,0,0,7,12,0,21,12,20,10,12,5,8,9,16,0,7,-11,0,0,0,0,0,-10,0,0,4,-4,0,-34,0,-58,-58,-192,-191,-192,-188,-189,-177,-198,-190,-200,-185,-197,-182,-183,-182,-206,-200,-218,-218,-218,-223,-223,-223,-223,-223,-243,-231,-226,-199,-199,-198,-196,-196,-243,-154,-154,-151,-162,-162,-162,-162,-146,-143,-156,-144,-154,-144,-162,-162,-173,-170,-166,-154,-154,-154,-154,-150,-132,-122,-114,-114,-129,-114,-114,-66,-114,-89,-95,-87,-97,-8,-53,-105,-53,-8,-8,-8,-8,0,-8,-8,-11,-10,-12,-12,-195,-187,-623,-8,-8,0,-608,-582,-582,-582,-571,-564,-557,-546,-29969,-531,-29972,-29971,-29973,-29974,-29976,-29977,-29976,-29972,-29973,-29974,-29975,-29975,-29975,-514,-510,-321]} 1. Nf3 g6 2. e4 Bg7 3. d4 d6 4. Be2 Nf6 5. Nc3 O-O 6. O-O c6 7. a4 Qc7 8. h3 e5 9. dxe5 dxe5 10. Be3 {B08: Pirc Defence: Classical System} Re8 (10... Nh5 11. Bc4 Nf4 12. Qb1 Qe7 13. Kh2 Qf6 14. Ng1 h5 15. b4 Nd7 16. a5 Re8 17. b5 Bf8 18. a6 Nc5 {0-1 (40) Jurcik,M (2473)-Matlakov,M (2707) Batumi 2018}) 11. Bc4 Be6 12. Qe2 {White is slightly better.} Nbd7 13. Bxe6 $146 ({Predecessor:} 13. Rfd1 h6 14. Nd2 Nh5 15. Bxe6 Rxe6 16. a5 Nf4 17. Qc4 {½-½ (45) Althoff,C (1924)-Laudage,B (2075) Ruhrgebiet 2003}) 13... Rxe6 14. Rfd1 Bf8 15. Qc4 $36 {[%mdl 2048] White has good play.} Nb6 {[%cal Bd7b6,Bb6c8,Bc8d6][%mdl 32]} 16. Qb3 Nc8 17. Rd3 Nd6 18. Ng5 Ree8 19. Bc5 Red8 20. Rad1 Nfe8 21. Nf3 (21. a5 $1 $16) 21... b6 $1 $11 {[%cal Rb6c5]} 22. Be3 Nb7 23. Qc4 a6 (23... Nbd6 $5 {[%cal Rd6c4]} 24. Qa2 Nb7 $14) 24. Rxd8 Nxd8 25. Qd3 Ne6 26. Qd7 {Black must now prevent Qxc7.} Bd6 $1 27. Qxc7 Bxc7 28. Na2 a5 29. Rd3 f6 30. Rc3 Nd8 31. Nd2 Kf7 32. Nc1 Rb8 33. Nd3 Ke7 34. g4 Kd7 35. Nc4 Ne6 36. b4 (36. g5 $11) 36... Nd6 37. Ncxe5+ ({White should play} 37. bxa5 $15 Nxe4 38. Rb3 bxa5 39. Rxb8 Bxb8 40. Nxa5) 37... fxe5 $19 38. Nxe5+ Kc8 $1 39. Nxc6 Nxe4 40. Rb3 Ra8 41. Ne7+ Kb7 42. Nd5 Kc6 43. Nxc7 Kxc7 44. bxa5 bxa5 45. Rb5 {With the idea Re5.} Nc3 46. Bb6+ Kc6 47. Rxa5 Rxa5 48. Bxa5 Nxa4 49. Kg2 Kd5 50. Kg3 Nac5 51. f3 Nd4 52. h4 Nce6 53. Bd2 Ne2+ 54. Kf2 N2f4 55. Kg3 Ke5 $1 56. Bc3+ Kd6 $1 57. Bb4+ Kd7 58. Bd2 Ne2+ 59. Kf2 N2d4 $1 60. c3 Nb3 61. Bh6 Kd6 62. Ke3 Nbc5 63. f4 Kd5 64. f5 gxf5 65. gxf5 Nd8 $1 66. Bg7 Nf7 67. Bd4 Nb7 68. Kf4 Nbd6 {Threatens to win with ...Nh6.} 69. Bg7 $1 Kc4 70. Be5 Nb7 ({Don't play} 70... Nxe5 $6 71. Kxe5 Nf7+ 72. Ke6 $11) 71. Bg7 Kd3 (71... Nc5 $17 72. h5 Nd3+ 73. Ke3 Nd6) 72. Be5 Nc5 73. Bd4 (73. Bg7 $17) 73... Na4 74. f6 Kc4 {Hoping for ...Kd5.} 75. Ke4 Nb2 76. Be3 Nd3 {aiming for ...Nd6+.} 77. Kf5 {And now Ke6 would win.} Kd5 78. c4+ Kd6 79. c5+ $2 (79. Bg5 $11) 79... Kd5 ({Worse is} 79... Nxc5 80. Bxc5+ Kd7 81. Bd4 $16) 80. c6 $2 (80. Bg1) 80... Nd6+ $2 (80... Nde5 $1 $19 {...Nd6+ is the strong threat.} 81. c7 Nd6+ 82. Kf4 Nef7) 81. Kg5 $11 Nf7+ $2 {[%mdl 8192]} (81... Kxc6 $2 82. Kh6 $19) (81... Ne5 $11 82. f7 Nexf7+ 83. Kf6 Kxc6) 82. Kf5 $1 $19 {[#] intending c7.} Nde5 $1 83. c7 Nd6+ 84. Kf4 {[#]} Nef7 $1 85. Ba7 Kc6 86. Bb8 Kd7 (86... Nc8 $142 87. Ke4 Kd6 88. Kf5 Kd7 89. h5 Kd6 90. Kf4 Ke6 91. Ke4 Kxf6 92. Ke3 Ne5 93. Kf2 h6 94. Kg3 Ke6 95. Kg2 Nd7 96. Kh3 Nf6 97. Kh2 Nxh5 98. Kh3 Nf6 99. Kg3 Kd7 100. Kf4 Nd6 101. Kf3 Nde4 102. Kf4 h5 103. Kf3 h4 104. c8=R Kxc8 105. Be5 Ng5+ 106. Kf4 Nfe4 107. Ke3 h3 108. Bh2 Kd7 109. Kf4 Ke6 110. Bg1 Kf6 111. Kg4 Nd2 112. Bh2 Ndf3 113. Bf4 h2 114. Bxh2 Nxh2+ 115. Kg3 Nhf3 116. Kf4 Nh4 117. Kg4 Ng6 118. Kg3 Kf5 119. Kf2 Ke4 120. Kg3 Ne5 121. Kf2 Kd3 122. Kg3 Ke4 123. Kf2 Kd3 124. Kg3 Ke4) 87. h5 Nc8 88. Ke4 Ke6 89. Kd4 Kxf6 90. Kd5 Ne5 91. Kc5 Ke6 92. Kd4 Ng4 93. Ke4 Nf6+ (93... h6 $142 94. Kf3 Nf6 95. Kf4 Nxh5+ 96. Ke4 Nf6+ 97. Kf3 Kd7 98. Kf4 Nd6 99. Kf3 Nde4 100. Kf4 h5 101. Kf3 h4 102. Ba7 Kxc7 103. Be3 Kd7 104. Ba7 Ke6 105. Kf4 Kf7 106. Kf5 h3 107. Bb8 Nd2 108. Bg3 Nf1 109. Be5 h2 110. Bxh2 Nxh2 111. Ke5 Nfg4+ 112. Ke4 Kf6 113. Kd5 Ke7 114. Kc6 Ke6 115. Kc5 Ke5 116. Kc4 Nf3 117. Kb3 Kd5 118. Kb4 Nf2 119. Kb5 Nd4+ 120. Kb6 Ne6 121. Kb5 Nd1 122. Ka5 Kc5 123. Ka4 Nd4 124. Ka5 Nb2 125. Ka6 Kc6 126. Ka7 Kc7 127. Ka8 Nd3 128. Ka7 Nf2 129. Ka8 Ng4 130. Ka7 Kc6 131. Ka6 Ne5 132. Ka7 Ng4 133. Ka6 Ne5 134. Ka7 Ne6 135. Ka6 Nd4) 94. Kf4 h6 {Accuracy: White = 43%, Black = 62%.} 0-1

[Event "Prague Festival Masters 2019"]
[Site "Prague"]
[Date "2019.03.06"]
[Round "1.3"]
[White "Laznicka, Viktor"]
[Black "Vitiugov, Nikita"]
[Result "1/2-1/2"]
[WhiteElo "2670"]
[BlackElo "2726"]
[Annotator "TA"]
[PlyCount "60"]
[EventDate "2019.03.06"]
[EventType "tourn"]
[EventCountry "CZE"]
[SourceTitle "playchess.com"]
[Source "ChessBase"]
[SourceQuality "1"]

{[%evp 9,60,-2,-8,-2,-3,0,0,0,0,4,16,15,11,9,15,15,14,16,16,0,7,8,16,20,12,7,14,0,0,0,0,0,0,0,0,-8,-9,-11,0,0,0,0,0,0,0,0,0,-6,-3,-3,0,-5,-4]} 1. c4 Nf6 2. Nc3 e5 3. e3 Nc6 4. a3 g6 (4... d5 5. cxd5 Nxd5 6. Qc2 Nxc3 7. dxc3 a5 8. Nf3 Bd6 9. a4 O-O 10. Bc4 Bg4 11. h4 Qf6 12. Ng5 Bf5 13. e4 Bd7 {1-0 (52) Harikrishna,P (2731)-Vidit,S (2723) chess.com INT 2018}) 5. d4 exd4 {The position is equal.} 6. exd4 {A25: English Opening vs King's Indian with ...Nc6 but without early d3} Bg7 7. Nf3 O-O 8. d5 Re8+ 9. Be2 Ne5 10. Nxe5 Rxe5 11. Bf4 Re8 $1 12. Qd2 $146 ({Predecessor:} 12. O-O) 12... Ne4 13. Nxe4 Rxe4 14. Bg5 Qf8 15. O-O d6 16. Bd3 Re8 17. Rae1 {Black should prevent Rxe8.} Bd7 18. b4 b6 19. Rxe8 Rxe8 20. Rc1 Ra8 21. Bf1 a5 22. Be3 axb4 23. axb4 Qd8 24. c5 bxc5 25. bxc5 dxc5 26. Bxc5 Be6 27. Rd1 Bg4 28. Be2 Bxe2 29. Qxe2 Qd7 30. h3 h5 {Accuracy: White = 64%, Black = 77%.} 1/2-1/2

[Event "Prague Festival Masters 2019"]
[Site "Prague"]
[Date "2019.03.06"]
[Round "1.4"]
[White "Harikrishna, Pentala"]
[Black "Shankland, Samuel"]
[Result "1/2-1/2"]
[WhiteElo "2730"]
[BlackElo "2731"]
[Annotator "TA"]
[PlyCount "90"]
[EventDate "2019.03.06"]
[EventType "tourn"]
[EventCountry "CZE"]
[SourceTitle "playchess.com"]
[Source "ChessBase"]
[SourceQuality "1"]

{[%evp 19,90,0,15,14,11,8,14,17,14,11,17,7,8,9,21,29,31,24,27,32,34,24,20,19,29,25,37,22,26,21,25,17,19,20,22,18,19,19,24,7,16,7,13,8,10,0,12,12,68,8,8,8,8,8,8,8,8,8,8,0,0,0,7,0,8,0,0,0,0,0,0,0,0]} 1. e4 c5 2. Nf3 d6 3. d4 cxd4 4. Nxd4 Nf6 5. Nc3 a6 6. Be2 e5 7. Nf3 Be7 8. Bg5 Be6 9. Bxf6 Bxf6 10. O-O O-O 11. Qd2 {B92: Sicilian Najdorf: 6 Be2} Be7 (11... Qc7 12. Rfd1 Be7 13. Nd5 Bxd5 14. Qxd5 Nd7 15. Nd2 b5 16. c4 {½-½ (66) Van Foreest,J (2617)-Fedoseev,V (2713) Hoogeveen 2018}) 12. Nd5 Nd7 13. Nxe7+ Qxe7 14. Rfd1 Rac8 $146 ({Predecessor:} 14... Nf6 15. Qxd6 Qxd6 16. Rxd6 Nxe4 17. Rb6 Bd5 18. c4 Bc6 19. Nxe5 Rfc8 20. Nxc6 bxc6 21. b3 c5 22. Bf3 Re8 23. g3 Ra7 24. Bxe4 {1-0 (24) Kochura,E-Kurlovich,A Kiev 2004}) 15. c3 Rc6 16. Ng5 Nf6 17. Nxe6 fxe6 18. Qe3 Qc7 19. Rd2 Qb6 {Threatening ...Qxe3.} 20. Qxb6 Rxb6 21. f3 Kf7 22. a4 Rc6 23. a5 Rb8 24. c4 b6 25. b4 bxa5 26. b5 $1 {[%cal Rb5c6]} axb5 27. cxb5 Rcb6 $1 28. Rxa5 Nd7 29. Rc2 Nc5 30. h4 R6b7 31. Ra3 Ke7 32. g3 Rf8 33. Kg2 Kd7 (33... Rfb8 $11) 34. Rd2 ({White should play} 34. f4 $14) 34... Kc7 $11 {The position is equal.} 35. Rc3 Rd8 36. f4 exf4 37. e5 {[#] aiming for exd6+.} Kb6 38. exd6 {Black must now prevent Rdc2.} Rbd7 39. Rdc2 Rc8 40. gxf4 Rxd6 41. Rc4 Rc7 42. Bf3 g6 43. Be2 Rd5 44. Bf3 Rd6 45. Be2 Rd5 {Accuracy: White = 61%, Black = 74%.} 1/2-1/2

[Event "Prague Festival Masters 2019"]
[Site "Prague"]
[Date "2019.03.06"]
[Round "1.5"]
[White "Navara, David"]
[Black "Gelfand, Boris"]
[Result "1/2-1/2"]
[WhiteElo "2739"]
[BlackElo "2655"]
[Annotator "TA"]
[PlyCount "199"]
[EventDate "2019.03.06"]
[EventType "tourn"]
[EventCountry "CZE"]
[SourceTitle "playchess.com"]
[Source "ChessBase"]
[SourceQuality "1"]

{[%evp 13,199,7,20,12,24,24,19,15,26,12,47,8,7,35,29,0,0,0,0,0,0,0,0,0,0,0,0,0,77,67,81,89,110,107,111,112,107,122,121,118,182,179,172,181,204,195,212,209,206,201,219,216,219,219,218,189,208,182,204,193,177,162,254,241,258,258,253,242,271,271,271,268,268,268,268,268,268,268,271,271,271,271,271,271,271,271,271,271,271,0,271,271,271,271,271,271,271,271,271,271,271,271,271,271,271,271,271,0,271,271,271,271,271,271,271,271,271,179,179,179,179,179,179,179,179,179,179,179,179,179,179,179,179,179,179,179,179,179,179,179,179,179,179,179,179,179,179,179,179,179,179,179,179,179,179,0,179,179,179,179,179,179,179,179,179,179,179,179,179,179,179,179,179,179,179,179,179,179,179,179,179,179,179,179,179,126,126,126]} 1. e4 e5 2. Nf3 Nf6 3. Nxe5 d6 4. Nf3 Nxe4 5. Nc3 Nxc3 6. dxc3 Be7 7. Be3 O-O 8. Qd2 {C42: Petroff Defence: 3 Nxe5 and unusual White 3rd moves} Nd7 9. O-O-O Nf6 (9... c6 10. Kb1 d5 11. Bd3 Nc5 12. h4 Nxd3 13. Qxd3 Qd6 14. c4 Rd8 15. cxd5 Qxd5 16. Qxd5 cxd5 17. Nd4 Bd7 18. Nb3 Bf5 19. Nd4 Bd7 20. Nb3 Bf5 21. Nd4 {½-½ (21) Aronian,L (2765)-Caruana,F (2832) London 2018}) 10. Bd3 {The position is equal.} c5 11. Rhe1 Be6 12. Bg5 d5 13. Qf4 Re8 {[#]} 14. Re5 $146 ({Predecessor:} 14. Kb1 h6 15. Bxf6 Bxf6 {½-½ (29) Harika,D (2535)-Kosteniuk,A (2542) Khanty-Mansiysk 2017}) 14... Qc7 15. Qh4 h6 16. Bxh6 $1 Ne4 $1 {[%cal Bf6e4,Be4f2,Bf2g4][%mdl 32]} ({Reject} 16... Ng4 $6 17. Bg5 $16) 17. Qf4 $1 Nxf2 18. Qg3 $40 {[%csl Gh6][%cal Rg3g7][%mdl 128] White has some attack.} Ng4 19. Bf4 Bd6 {[%mdl 64] Pin} 20. Bh7+ $1 Kf8 (20... Kh8 $1 $11 21. Re4 dxe4 22. Bxd6 Qc8 23. Bxe4 Bf5 24. Bxf5 Qxf5 25. Bxc5 Nf6) 21. Rde1 $1 $16 Rad8 {...f6 is the strong threat.} (21... Bxe5 $2 {loses.} 22. Nxe5 Nxe5 23. Bxe5 $18) 22. Qh4 $1 Nxe5 23. Nxe5 Bxe5 24. Bxe5 Qe7 {[#]} 25. Qh5 $1 f6 26. Bg6 Bf7 (26... Qd7 $16) 27. Qh8+ $18 Bg8 28. Bxe8 Rxe8 {[#]} 29. Bg3 $1 Qxe1+ 30. Bxe1 Rxe1+ {[%mdl 4096] Endgame KQ-KRB} 31. Kd2 Re4 32. Qh3 Be6 33. Qg3 Re5 34. Qf2 b6 35. Qh4 Re4 36. Qh8+ Bg8 37. b3 d4 (37... c4 $142 38. a3 Rg4) 38. Qh3 Be6 39. Qf3 Bd5 40. Qf5 Bb7 41. g4 Re5 42. Qd7 dxc3+ 43. Kxc3 Re7 44. Qd6 Kf7 45. a4 g5 {[#]} 46. a5 $1 {[%mdl 512]} Be4 (46... bxa5 47. Qxc5) 47. axb6 axb6 48. Qxb6 Re5 49. Qc7+ Kf8 50. Qd6+ Kf7 51. Qc7+ Kf8 $1 52. b4 cxb4+ 53. Kxb4 Bg6 54. Qd6+ Kg7 55. c4 {And now c5 would win.} Be8 56. c5 {aiming for c6.} Kf7 57. Qd3 Re6 58. Qh7+ Kf8 59. Ka5 Rc6 60. Kb4 Re6 $1 61. Kc4 Bc6 62. Kd4 Ke8 63. Qg7 Kd8 64. Qg8+ Ke7 65. h4 gxh4 66. Qh7+ Kd8 67. Qxh4 Re4+ 68. Kc3 Re6 69. Qh2 Kc8 70. Qa2 Bd7 71. Kd4 Rc6 72. Qa8+ Kc7 73. Qa5+ Kc8 74. Kd5 Re6 75. Qa2 Kc7 76. Qh2+ Kc8 77. Qf4 Ra6 {Strongly threatening ...Be6+.} 78. Qf1 Re6 79. Qc1 Re5+ 80. Kd4 {Black must now prevent c6.} Re6 81. Qc2 Kc7 82. Qh2+ Kc8 83. Kd5 Re5+ 84. Kd4 Re6 $1 85. Qh1 Ra6 86. Kc4 Kc7 87. Qh7 Re6 88. Qf7 Re4+ 89. Kd5 Re5+ 90. Kd4 Re6 91. Qg8 Ra6 92. Kd5 Rc6 93. Qh7 Ra6 94. Qh2+ Kc8 95. Qe2 Rc6 96. Qc2 Kc7 97. Qh2+ Kc8 98. Qe2 Kc7 99. Qb5 (99. Qe7 $18) 99... Be6+ $16 100. Kd4 {Accuracy: White = 83%, Black = 85%.} 1/2-1/2

[Event "Prague Festival Masters 2019"]
[Site "Prague"]
[Date "2019.03.07"]
[Round "2.1"]
[White "Vidit, Santosh Gujrathi"]
[Black "Gelfand, Boris"]
[Result "1-0"]
[WhiteElo "2711"]
[BlackElo "2655"]
[Annotator "TA"]
[PlyCount "91"]
[EventDate "2019.03.06"]
[EventType "tourn"]
[EventCountry "CZE"]
[SourceTitle "playchess.com"]
[Source "ChessBase"]
[SourceQuality "1"]

{[%evp 21,91,0,22,16,22,10,71,62,71,69,61,73,89,89,82,79,89,95,96,59,59,63,60,59,73,68,72,59,59,54,54,54,54,48,54,55,54,54,54,54,62,56,56,51,53,56,54,41,59,0,61,62,67,67,116,114,142,128,133,123,233,217,295,289,288,281,341,333,345,277,276,268]} 1. e4 e5 2. Nf3 Nf6 3. Nxe5 d6 4. Nf3 Nxe4 5. Nc3 Nxc3 6. dxc3 Be7 7. Be3 O-O 8. Qd2 {C42: Petroff Defence: 3 Nxe5 and unusual White 3rd moves} Nd7 9. O-O-O Nf6 10. Bd3 c5 11. Kb1 (11. Rhe1 Be6 12. Kb1 Qa5 13. c4 Qxd2 14. Bxd2 h6 15. Nh4 Rfe8 {½-½ (55) Carlsen,M (2835)-Caruana,F (2832) London 2018}) 11... b5 {LiveBook: 3 Games} 12. Rhe1 Rb8 13. Bg5 $146 ({Predecessor:} 13. Bf4 Re8 14. Ng5 c4 15. Bf1 Bb7 {0-1 (31) Rodshtein,T (2226)-Hoolt,S (2393) Stary Smokovec 2018}) 13... c4 (13... Re8 $11 {remains equal.}) 14. Nd4 $16 {[#] And now Nc6 would win.} Bd7 (14... cxd3 $2 15. Nc6 $18) 15. Nf5 Bxf5 16. Bxf5 Ne4 17. Bxe4 Bxg5 18. Qxd6 Qxd6 19. Rxd6 Rfe8 20. Rdd1 Kf8 21. Bc6 ({Reject} 21. Bxh7 Rxe1 22. Rxe1 g6 $15) 21... Rxe1 22. Rxe1 $14 {[%mdl 4096] Endgame KRB-KRB} Bf6 23. a3 g6 24. g3 a6 25. Re2 Be7 26. Kc1 Rb6 27. Bd7 Rd6 28. Rd2 Rf6 29. Kd1 Bc5 30. Ke1 Ke7 31. Bc8 Rc6 32. Re2+ Kd8 33. Bb7 Rf6 34. Bd5 Rf5 35. Bb7 Rf6 36. f4 h5 37. h4 Rd6 38. Re5 Rb6 39. Rxc5 Rxb7 $16 {KR-KR} 40. Rc6 a5 {[#]} (40... Re7+ $16 41. Kd2 Rd7+ 42. Kc1 Ra7) 41. f5 $1 {[%mdl 512]} Kd7 (41... gxf5 42. Rc5) 42. Ra6 {White has a decisive advantage.} gxf5 43. Rf6 ({Don't do} 43. Rxa5 $6 Kc6 $18) 43... Ke7 44. Rxf5 b4 45. axb4 ({Much less strong is} 45. Rxa5 bxa3 46. bxa3 Rb1+ 47. Kf2 Rc1 $18) 45... axb4 46. Kd2 {Precision: White = 77%, Black = 46%.} 1-0

[Event "Prague Festival Masters 2019"]
[Site "Prague"]
[Date "2019.03.07"]
[Round "2.2"]
[White "Shankland, Samuel"]
[Black "Navara, David"]
[Result "1/2-1/2"]
[WhiteElo "2731"]
[BlackElo "2739"]
[Annotator "TA"]
[PlyCount "45"]
[EventDate "2019.03.06"]
[EventType "tourn"]
[EventCountry "CZE"]
[SourceTitle "playchess.com"]
[Source "ChessBase"]
[SourceQuality "1"]

{[%evp 21,45,17,20,12,25,6,27,5,12,0,0,-9,-9,0,0,0,0,0,0,0,0,-25,0,0,0,-22]} 1. d4 Nf6 2. c4 e6 3. Nf3 b6 4. g3 Ba6 5. b3 Bb4+ 6. Bd2 Be7 7. Bg2 c6 8. Bc3 d5 9. Nbd2 Nbd7 10. O-O O-O 11. Re1 c5 12. cxd5 {E15: Queen's Indian: 4 g3 sidelines, 4 g3 Ba6 and 4 g3 Bb7 early deviations} (12. e4 dxe4 13. Nxe4 Bb7 14. Nxf6+ Bxf6 15. Rc1 cxd4 16. Nxd4 Qc8 17. Qe2 Bxg2 18. Kxg2 Qb7+ 19. Qf3 Qxf3+ 20. Kxf3 Rfc8 21. Red1 Nc5 22. Nb5 Bxc3 23. Rxc3 a6 24. Nd6 Rc7 25. Ne4 Nd7 26. Ke2 Kf8 27. Rcd3 {½-½ (27) Parligras,M (2613)-Lenic,L (2650) Hungary 2018}) 12... Nxd5 13. Bb2 Rc8 14. Rc1 {White has an edge.} b5 15. dxc5 Nxc5 16. a3 b4 17. axb4 $146 ({Predecessor:} 17. Nc4 Nc3 18. Bxc3 bxc3 19. Nfe5 Qxd1 20. Rexd1 Nxb3 21. Rxc3 {0-1 (38) Sahl,B-Ligterink,G (2455) Silkeborg 1980}) 17... Nxb4 18. Bd4 Bb5 19. Rc3 Nd5 20. Rc2 Nb4 21. Rc3 Nd5 22. Rc2 Nb4 23. Rc3 1/2-1/2

[Event "Prague Festival Masters 2019"]
[Site "Prague"]
[Date "2019.03.07"]
[Round "2.3"]
[White "Vitiugov, Nikita"]
[Black "Harikrishna, Pentala"]
[Result "1-0"]
[WhiteElo "2726"]
[BlackElo "2730"]
[Annotator "TA"]
[PlyCount "59"]
[EventDate "2019.03.06"]
[EventType "tourn"]
[EventCountry "CZE"]
[SourceTitle "playchess.com"]
[Source "ChessBase"]
[SourceQuality "1"]

{[%evp 20,59,4,17,6,0,19,21,14,15,35,37,154,160,129,104,111,115,124,119,139,149,187,158,150,129,175,158,614,596,595,576,840,853,810,726,695,659,702,643,598,450]} 1. e4 e5 2. Nf3 Nc6 3. Bb5 Nf6 4. O-O Nxe4 5. d4 Nd6 6. dxe5 Nxb5 7. a4 Nbd4 8. Nxd4 Nxd4 9. Qxd4 d5 {C67: Ruy Lopez: Berlin Defence: 4 0-0 Nxe4} 10. Qd3 (10. exd6 Qxd6 11. Qe4+ Qe6 12. Qd4 Qd6 13. Qe4+ Qe6 14. Qd4 Qd6 {½-½ (14) Vallejo Pons,F (2713)-Andreikin,D (2723) Porto Carras 2018}) 10... c6 11. a5 {LiveBook: 13 Games} Be6 {The position is equal.} 12. Nc3 {[%cal Bb1c3,Bc3e2,Be2d4][%mdl 32]} Qd7 13. Ne2 Bf5 14. Qc3 $146 ({Predecessor:} 14. Qb3 Be7 15. Ng3 O-O 16. Nxf5 Qxf5 17. Qxb7 {½-½ (36) Petrigin,O (2241)-Cvak,R (2248) ICCF email 2015}) 14... Be7 {[#]} 15. Bh6 $1 {[%mdl 512]} d4 ({Black should try} 15... Rg8 $14 16. Bxg7 Bxc2) (15... gxh6 16. e6) 16. Nxd4 $16 gxh6 {[#]} 17. e6 $1 {[%mdl 512]} Bxe6 18. Nxe6 Rg8 19. Nf4 $1 $36 {[%mdl 2048] White has strong initiative.} Qf5 {[#]} 20. Ra4 $1 Qf6 21. Qd3 {And now Re4 would win.} Rd8 22. Qxh7 Rg7 {[#]} 23. Qe4 $1 Qxb2 $2 (23... Rg5 $16 24. Nd3 Kf8) 24. Re1 $18 {[%csl Ge1][%cal Re4e7] White is clearly winning.} Rd7 25. a6 Rg5 26. h4 Rb5 27. axb7 Rbxb7 28. Qxc6 {Black must now prevent Nd5.} Kf8 29. Qxh6+ Qg7 30. Ne6+ {Precision: White = 95%, Black = 30%.} 1-0

[Event "Prague Festival Masters 2019"]
[Site "Prague"]
[Date "2019.03.07"]
[Round "2.4"]
[White "Wojtaszek, Radoslaw"]
[Black "Rapport, Richard"]
[Result "1-0"]
[WhiteElo "2722"]
[BlackElo "2738"]
[Annotator "TA"]
[PlyCount "97"]
[EventDate "2019.03.06"]
[EventType "tourn"]
[EventCountry "CZE"]
[SourceTitle "playchess.com"]
[Source "ChessBase"]
[SourceQuality "1"]

{[%evp 15,97,45,52,58,65,39,48,49,64,40,54,42,47,43,50,48,31,20,70,44,43,44,91,100,101,97,87,63,79,76,80,77,100,100,125,114,129,20,47,10,7,0,77,0,0,0,378,363,438,390,445,435,435,357,409,385,419,0,0,0,392,379,445,0,0,0,455,462,445,393,764,747,918,900,905,881,872,835,1067,978,964,910,1857,1799]} 1. d4 d6 2. Nf3 Nf6 3. c4 g6 4. Nc3 Bg7 5. e4 O-O 6. Be2 e5 7. O-O Qe8 8. dxe5 dxe5 9. b4 {E94: King's Indian: Classical: 6 Be2 e5 7 0-0: Various Black 7th moves} Bg4 10. b5 Bxf3 11. Bxf3 {White is slightly better.} Qe6 12. Nd5 Rc8 $1 13. Nxf6+ Qxf6 14. Be3 Rd8 15. Qb3 (15. Qc1 Qe7 16. c5 c6 {½-½ (74) Lalith,B (2587)-Naiditsch,A (2702) Caleta 2017}) 15... Nd7 16. c5 c6 $146 ({Predecessor:} 16... a6) 17. Rfd1 Bf8 18. Rac1 Be7 19. Be2 $36 {[%mdl 2048] White is in control.} Nf8 20. bxc6 bxc6 21. Bc4 Kg7 22. Qb7 Rab8 23. Qa6 ({Reject} 23. Qxa7 Ra8 $11) 23... Nd7 24. Qa5 h5 25. h3 g5 26. Rd3 (26. Be2 $16) 26... g4 $1 $11 {[%cal Rg4h3] Black wants to play ...gxh3.} 27. hxg4 hxg4 28. Rcd1 g3 (28... Qh4 $1 $11 {remains equal.}) 29. Rxd7 (29. fxg3 $16 {And now Bb3 would win.} Qg6 30. Rxd7 {[%mdl 64] Double Attack} Qxe4 31. Bh6+ (31. Rxd8 Qxe3+ 32. Kh2 Qh6+ 33. Kg1 Qe3+ 34. Kh2 Qh6+ 35. Kg1 Qe3+ $17) (31. Qc3 Rxd7 32. Rxd7 Rb1+ 33. Bf1 Qf5 $11 {[%mdl 64] Double Attack}) 31... Kxh6 32. Rxd8 Rxd8 33. Rxd8 Bxd8 34. Qxd8 Qxc4 {[%mdl 64] Double Attack} 35. Qf6+ Kh7 36. Qxc6 (36. Qxe5 Qxa2 37. Qe7 Kg7 $11)) 29... Rxd7 30. Rxd7 Qe6 $2 {[%mdl 8192]} (30... Qh4 $11 31. fxg3 Rb1+ 32. Bf1 Qxe4) 31. Qc7 $18 Rb1+ 32. Bf1 gxf2+ 33. Bxf2 Rxf1+ 34. Kxf1 Qc4+ 35. Ke1 $1 Qxe4+ 36. Kd1 $2 (36. Kd2 $1 $18 Bg5+ 37. Kc3) 36... Qa4+ $1 $11 37. Ke2 Qg4+ $2 {[%mdl 8192]} (37... Qc4+ $1 $11 {and Black has nothing to worry.} 38. Ke1 Qe4+ 39. Kd2 Bg5+ 40. Kc3 Qf4 41. Qxc6 Qc1+ 42. Kb3 Qb1+ 43. Kc3 Qc1+ 44. Kb3 Qb1+ 45. Ka3 Qc1+ 46. Kb3) 38. Kd2 $1 $18 Qb4+ 39. Ke2 $2 (39. Kd3 $1 $18 Qb1+ 40. Ke2 Qe4+ 41. Be3 Qxg2+ 42. Kd3 Qf1+ 43. Kd2 Qg2+ 44. Kc3) 39... Qg4+ $11 40. Kd2 $2 {[%mdl 8192]} (40. Ke1 $11 Qe4+ 41. Kd2 Bg5+ 42. Kc3) 40... Qb4+ $18 {[#]} 41. Kd3 $1 Qb1+ 42. Ke2 Qc2+ $2 (42... Qe4+ 43. Be3 Qxg2+ 44. Kd3 e4+ 45. Kc3 Qh3) 43. Rd2 {White is clearly winning.} Qe4+ 44. Kf1 Qb1+ 45. Be1 Qf5+ 46. Rf2 Qd3+ 47. Re2 Qf5+ {[#]} 48. Bf2 $1 Qb1+ 49. Re1 {Accuracy: White = 57%, Black = 69%.} 1-0